000 01025cab a2200277 4500
001 ABS53576
008 090401t1995 xxu||||| |||| 00| 0 eng d
035 _a(Sirsi) u5159
041 _aeng
100 _aNewell, G.
245 _aMajor property investor attitudes to property securitisation
260 _c1995
350 _a0
490 _aJournal of Property Finance
_v6(2) September 1995, 8-19(6)
520 _aPresents the results of two surveys of major property investors in Australia to examine investor attitudes to property securitisation. Covers the advantages and disadvantages of property securitisation, strategic investment considerations and the future for property securitisation.
650 _aAUSTRALIA
650 _aPROPERTY-COMMERCIAL PROPERTY
650 _aPROPERTY ASSETS
650 _aPROPERTY INVESTMENT
650 _aSECURITIES MARKETS
650 _aSECURITISATION
690 _aPROPERTY-PROPERTY FINANCE AND INVESTMENT
700 _aFife, A.
942 _n0
948 _c04/03/1997
999 _c3087
_d3087